Elementos de cosmografía /

Guardado en:
Autor Principal: Médici, Héctor J
Formato: Libro
Publicado: Buenos Aires : Librería del colegio, 1955
Materias:
Etiquetas: Agregar Etiqueta
Sin Etiquetas, Sea el primero en etiquetar este registro!
LEADER 00437nam a22001575a 4500
001 CEM.cems004592
005 20060217000000.0
008 130507s1955##################000#0#####d
003 CEMS
082 0 4 |a 520 
100 1 |a Médici, Héctor J 
245 1 0 |a Elementos de cosmografía / 
260 |a Buenos Aires :  |b Librería del colegio,  |c 1955 
300 |a 302 p. 
653 |a Cosmografia 
859 |a CEMS  |b BIB. CEMS - 11 de abril  |h 520  |i M468-1  |p 6012.77  |t Ej.1